Introducción a la administración pública argentina : nación, provincias y municipios /

Guardado en:
Autor Principal: Cao, Horacio
Otros Autores: Blutman, Gustavo, Estévez, Alejandro, Iturburu, Mónica
Formato: Libro
Publicado: Buenos Aires : Biblos
Series:Colección Estado, Política y Administración Pública. Serie Investigaciones
Materias:
Etiquetas: Agregar Etiqueta
Sin Etiquetas, Sea el primero en etiquetar este registro!
LEADER 01009nam a22002295a 4500
001 CEM.cems012747
005 20071112174412.0
008 130507b######################000#0#####d
003 CEMS
020 |a 9789507866159 
082 0 4 |a 351.982 
100 1 |a Cao, Horacio 
245 1 0 |a Introducción a la administración pública argentina :  |b nación, provincias y municipios /  |c Gustavo Blutman, Alejandro Estévez, Mónica Iturburu ; coordinador Horacio Cao 
260 |a Buenos Aires :  |b Biblos 
300 |a 151 p. 
490 0 |a Colección Estado, Política y Administración Pública. Serie Investigaciones 
505 0 |a La administración Pública Argentina: una mirada al conjunto -- La administración Pública Nacional -- Las provincias y el Gobierno Autónomo de la Ciudad de Buenos Aires -- Los municipios 
653 |a Administración pública 
700 1 |a Blutman, Gustavo 
700 1 |a Estévez, Alejandro 
700 1 |a Iturburu, Mónica 
859 |a CEMS  |b BIB. CEMS - 11 de abril  |h 351.982  |i C169  |p 24064.07  |t Ej.1